Les Bretons célèbres - Personnalités de Bretagne - Statistiques

Statistiques générales
  • Ce quiz a été pris 181 fois
  • Le résultat moyen est 5 sur 20
Statistiques - réponses
Par images Réponse % Correct
Anne de Bretagne
76%
Jacques Cartier
53%
Bernard Hinault
49%
François-René de Chateaubriand
49%
Éric Tabarly
48%
Olivier de Kersauson de Pennendreff
43%
Jules Verne
38%
Louison Bobet
30%
Dan Ar Braz
18%
Loïck Peyron
16%
Yann Tiersen
15%
Georges Cadoudal
11%
Jean Jan
11%
Saint Yves Hélory de Kermartin
10%
Yann-Fañch Kemener
8%
Jean-Michel Caradec
6%
Jeanne Malivel
4%
Pierre Brice
4%
Gilbert Renault dit le colonel Rémy
3%
Armand Tuffin de la Rouërie
1%
Aucun quiz correspondant
Distribution des résultats
% des personnes avec chaque résultat
Percentile par nombre de réponses
Votre historique - résultats
Vous n’avez pas pris ce quiz